Law of Evidence. (Record no. 1126702)

MARC details
000 -LEADER
fixed length control field 00331nam a2200133Ia 4500
008 - FIXED-LENGTH DATA ELEMENTS--GENERAL INFORMATION
fixed length control field 231229s2022 xx 000 0 und d
041 ## - LANGUAGE CODE
Language code of text/sound track or separate title eng
082 ## - DEWEY DECIMAL CLASSIFICATION NUMBER
Classification number 347.4206
Item number LAL
100 ## - MAIN ENTRY--PERSONAL NAME
Personal name LAL (Batuk)
245 ## - TITLE STATEMENT
Title Law of Evidence.
250 ## - EDITION STATEMENT
Edition statement 23rd
260 ## - PUBLICATION, DISTRIBUTION, ETC.
Place of publication, distribution, etc. Allahabad
Name of publisher, distributor, etc. Central Law Agency Allahabad
Date of publication, distribution, etc. 2022
300 ## - PHYSICAL DESCRIPTION
Extent vii, 717

No items available.